| 000 | 00596nam a22001697a 4500 | ||
|---|---|---|---|
| 003 | NUST | ||
| 038 | _aNusrat Nadeem | ||
| 082 | _a200 | ||
| 100 |
_aMughal, Mariyam Talaat _9120222 |
||
| 245 |
_aAssessing the Role of Women Entrepreneurship in Bridging the Gender Gap and Alleviating Poverty/ _cMariyam Talaat Mughal, |
||
| 264 |
_aIslamabad, _bS3H NUST, _c2023. |
||
| 300 |
_aill: _b219,p: _c30,cm. |
||
| 650 |
_aMS-Government and Public Policy _9125323 |
||
| 700 |
_aSupervisor: Dr. Ume Laila Shah _9120207 |
||
| 856 | _uhttp://10.250.8.41:8080/xmlui/handle/123456789/39106 | ||
| 942 |
_2ddc _cSC |
||
| 999 |
_c607621 _d607621 |
||